000 00628nam a2200205 a 4500
001 000004537
005 20240412074202.0
008 090723s2007 dr 000 p spa d
020 _a9789945856712
040 _aDO-SdBNP
_bspa
_cBNPHU
082 _aRD861.44
_bL673t
100 1 _aLewis, Evan,
_d1962-
_913254
245 1 3 _aEl testamento de Jesús :
_bpoemas (1982-2007) /
_cEvan Lewis.
260 _aSanto Domingo :
_bBúho,
_c2007.
300 _a69 p. ;
_c22 cm.
590 _aInventariado, 2018/LP
650 0 _aPoesía dominicana
_966
650 0 _aLiteratura dominicana.
_967
910 _aValidado. Control de calidad MMOLINA
999 _c4346
_d4346